Archivo General de la Nación : Catálogo del ramo Expulsión de Españoles /

Shranjeno v:
Bibliografske podrobnosti
Korporativna značnica: Archivo General de la Nación (México)
Drugi avtorji: López Espinoza, Rogelio (autor) (autor)
Format: Knjiga
Jezik:španščina
Izdano: México : Archivo General de la Nación, Departamento de Publicaciones, 1979, c1979
Serija:(Guías y Catálogos AGN ; 26)
Teme:
Oznake: Označite
Brez oznak, prvi označite!

MARC

LEADER 00000nam^a2200000^a^4500
001 000380612
005 20250623000000.0
009 20260310120610.067
020 |a 968-805-036-9 
037 |a Acervo ITESO - Biblioteca 
041 |a ESP 
082 |a 972.  |b AGN GUI V. 26 T. 1 
110 |a Archivo General de la Nación (México) 
245 1 0 |a Archivo General de la Nación :  |b Catálogo del ramo Expulsión de Españoles /  |c AGN, R. López Espinoza. 
246 2 |a Título en la cubierta: Ramo Expulsión de Españoles 
264 4 |a México :  |b Archivo General de la Nación, Departamento de Publicaciones,  |c 1979, c1979 
300 |a 139 h. 
336 |a texto  |b txt  |2 rdacontenido 
337 |a sin mediación  |b n  |2 rdamedio 
338 |a volumen  |b nc  |2 rdasoporte 
440 1 |a (Guías y Catálogos AGN ;  |v 26) 
649 |a XX 
650 |a Catálogos de Archivos -  |z México (Ciudad) 
650 |a Catálogos de Archivos -  |z México 
650 |a Archivo General de la Nación -  |z México -  |x Tema Principal 
650 |a Archivos -  |z México (Ciudad) 
650 |a Archivos -  |z México 
650 |a Españoles en México -  |x Historia -  |y Federalismo y Centralismo, 1824-1853 -  |x Documentos -  |x Tema Principal 
650 |a Deportación -  |z México -  |x Historia -  |y Federalismo y Centralismo, 1824-1853 -  |x Documentos -  |x Tema Principal 
650 |a Política Migratoria -  |z México -  |x Historia -  |y Federalismo y Centralismo, 1824-1853 -  |x Documentos 
650 |a México -  |x Historia -  |y Federalismo y Centralismo, 1824-1853 -  |x Documentos 
650 |a México -  |x Historia -  |x Documentos 
700 |a López Espinoza, Rogelio  |e (autor) 
910 |a Fondo General 
920 |a Impresos - Libros 
930 |a Colección General 
905 |a 101 
901 |a 0500275490  |b IT1  |c ACC  |i D78826  |u 20250623 
902 |a https://opac.biblio.iteso.mx/vufind/Record/000380612